000 nam a22 7a 4500
999 _c7993
_d7993
008 171121b xxu||||| |||| 00| 0 eng d
100 _aWonderful
_94447
245 _aLittle Hiawatha
260 _bWalt Disney
_c1999